[Event "GER-ch Youth U10W 2020"]
[Site "Willingen"]
[Date "2020.10.30"]
[Round "6.17"]
[White "Abram, Kristina-Maria"]
[Black "Mo, Keyou"]
[Result "1-0"]
[WhiteElo "1038"]
[BlackElo "950"]
[Annotator "NA RC"]
[PlyCount "127"]
[EventDate "2020.10.27"]
[EventType "swiss"]
[EventRounds "7"]
[EventCountry "GER"]
[SourceTitle "playchess.com"]
[Source "ChessBase"]
[SourceQuality "1"]
[TimeControl "40/4500+30:900+30"]

1. e4 {[%emt 0:00:00]} e5 {[%emt 0:00:00]} 2. Bc4 {[%emt 0:00:00]} Nf6 {[%emt 0:00:00]} 3. d3 {[%emt 0:00:00]} d5 {[%emt 0:00:00]} 4. exd5 {[%emt 0:00:37]} Nxd5 {[%emt 0:00:10]} 5. Nf3 {[%emt 0:00:19]} Nc6 {[%emt 0:00:10]} 6. Bxd5 {[%emt 0:01:01]} Qxd5 {[%emt 0:00:08]} 7. Nc3 {[%emt 0:00:16]} Qd7 {[%emt 0:01:20]} 8. O-O {[%emt 0:00:40]} Bc5 {[%emt 0:00:42]} 9. Qe2 {[%emt 0:01:04]} Bd6 {[%emt 0:01:37]} 10. Bf4 {[%emt 0:01:35]} O-O {[%emt 0:01:17]} 11. Bxe5 {[%emt 0:00:24]} Bxe5 {[%emt 0:00:53]} 12. Nxe5 {[%emt 0:00:16]} Qe6 {[%emt 0:04:34]} 13. Rfe1 {[%emt 0:01:28]} Nxe5 {[%emt 0:02:02]} 14. Qxe5 {[%emt 0:00:17]} Qg6 {[%emt 0:01:02]} 15. Re3 {[%emt 0:01:36]} c6 {[%emt 0:02:35]} 16. Rg3 {[%emt 0:01:01]} f6 {[%emt 0:03:52]} 17. Qe7 {[%emt 0:01:04]} Qf7 {[%emt 0:02:53]} 18. Re1 {[%emt 0:02:17]} Bd7 {[%emt 0:04:15]} 19. Rge3 {[%emt 0:03:12]} Rae8 {[%emt 0:01:30]} 20. Qxf7+ {[%emt 0:01:10]} Kxf7 {[%emt 0:00:48]} 21. Rxe8 {[%emt 0:00:55]} Bxe8 {[%emt 0:00:10]} 22. d4 {[%emt 0:01:01]} b5 {[%emt 0:01:07]} 23. d5 {[%emt 0:00:48]} b4 {[%emt 0:01:11]} 24. Ne4 {[%emt 0:00:39]} cxd5 {[%emt 0:00:12]} 25. Nd6+ {[%emt 0:00:09]} Kg8 {[%emt 0:03:45]} 26. Nxe8 {[%emt 0:00:13]} Kf7 {[%emt 0:01:41]} 27. Nc7 {[%emt 0:00:12]} Rc8 {[%emt 0:00:31]} 28. Nxd5 {[%emt 0:00:26]} Rxc2 {[%emt 0:00:27]} 29. Re7+ {[%emt 0:00:07]} Kg6 {[%emt 0:00:32]} 30. Rxa7 {[%emt 0:00:20]} Rxb2 {[%emt 0:00:19]} 31. a4 bxa3 32. Ne3 f5 {[%emt 0:02:06]} 33. Rxa3 {[%emt 0:01:29]} f4 {[%emt 0:00:08]} 34. Nf1 {[%emt 0:00:27]} Kf5 {[%emt 0:00:50]} 35. g3 {[%emt 0:00:36]} g5 {[%emt 0:00:32]} 36. h3 {[%emt 0:01:04]} h5 {[%emt 0:00:28]} 37. Ra5+ {[%emt 0:01:18]} Kg6 {[%emt 0:00:36]} 38. gxf4 {[%emt 0:00:52]} gxf4 {[%emt 0:00:27]} 39. h4 {[%emt 0:00:23]} Rb1 {[%emt 0:00:56]} 40. Rg5+ {[%emt 0:00:31]} Kh6 {[%emt 0:00:18]} 41. Rf5 {[%emt 0:15:21]} Rb4 {[%emt 0:16:13]} 42. Nd2 {[%emt 0:01:00]} Kg6 {[%emt 0:02:10]} 43. Rg5+ {[%emt 0:00:29]} Kh6 {[%emt 0:00:19]} 44. Nf3 {[%emt 0:00:33]} Rb3 {[%emt 0:01:31]} 45. Ne5 {[%emt 0:00:13]} f3 {[%emt 0:00:32]} 46. Nf7+ {[%emt 0:00:29]} Kh7 {[%emt 0:00:29]} 47. Ne5 {[%emt 0:01:21]} Kh6 {[%emt 0:00:12]} 48. Kh2 {[%emt 0:02:14]} Rb5 {[%emt 0:01:38]} 49. Nf7+ {[%emt 0:00:31]} Kh7 {[%emt 0:00:26]} 50. Rxb5 {[%emt 0:00:07]} Kg6 {[%emt 0:00:07]} 51. Kg3 {[%emt 0:00:14]} Kxf7 {[%emt 0:00:08]} 52. Rxh5 {[%emt 0:00:08]} Kg6 {[%emt 0:00:13]} 53. Rg5+ {[%emt 0:00:21]} Kf6 {[%emt 0:00:10]} 54. Kxf3 {[%emt 0:00:09]} Ke6 {[%emt 0:00:11]} 55. Kg4 {[%emt 0:00:06]} Kf6 {[%emt 0:00:08]} 56. h5 {[%emt 0:00:07]} Kf7 {[%emt 0:00:13]} 57. h6 {[%emt 0:00:06]} Kf8 {[%emt 0:00:09]} 58. h7 {[%emt 0:00:06]} Kf7 {[%emt 0:00:08]} 59. h8=Q Ke7 60. Qe5+ {[%emt 0:01:08]} Kd7 {[%emt 0:00:41]} 61. Qf6 {[%emt 0:00:37]} Ke8 {[%emt 0:00:16]} 62. Qg7 {[%emt 0:00:31]} Kd8 {[%emt 0:00:04]} 63. Rh5 {[%emt 0:00:13]} Ke8 {[%emt 0:00:10]} 64. Rh8# 1-0

[Event "GER-ch Youth U10W 2020"]
[Site "Willingen"]
[Date "2020.10.30"]
[Round "6.18"]
[White "Peglau, Lorena"]
[Black "Mehner, Clara"]
[Result "1/2-1/2"]
[WhiteElo "1061"]
[BlackElo "1244"]
[Annotator "NA RC"]
[PlyCount "100"]
[EventDate "2020.10.27"]
[EventType "swiss"]
[EventRounds "7"]
[EventCountry "GER"]
[SourceTitle "playchess.com"]
[Source "ChessBase"]
[SourceQuality "1"]
[TimeControl "40/4500+30:900+30"]

1. e4 {[%emt 0:00:00]} e5 {[%emt 0:00:00]} 2. Nf3 {[%emt 0:00:00]} Nc6 {[%emt 0:00:00]} 3. d4 {[%emt 0:00:13]} exd4 {[%emt 0:00:21]} 4. Nxd4 {[%emt 0:00:24]} Nf6 {[%emt 0:00:30]} 5. Nxc6 {[%emt 0:00:21]} bxc6 {[%emt 0:00:29]} 6. Nc3 {[%emt 0:00:21]} Bb4 {[%emt 0:00:52]} 7. Bd3 {[%emt 0:00:43]} d5 {[%emt 0:00:43]} 8. exd5 {[%emt 0:00:36]} cxd5 {[%emt 0:00:32]} 9. O-O {[%emt 0:00:33]} O-O {[%emt 0:00:47]} 10. Bg5 {[%emt 0:00:39]} c6 {[%emt 0:00:45]} 11. h3 {[%emt 0:00:16]} Re8 {[%emt 0:01:27]} 12. Qf3 {[%emt 0:00:27]} Be7 {[%emt 0:00:48]} 13. Rfe1 {[%emt 0:00:14]} Be6 {[%emt 0:00:49]} 14. Ne2 {[%emt 0:01:39]} Rb8 {[%emt 0:01:31]} 15. b3 {[%emt 0:01:22]} c5 {[%emt 0:01:25]} 16. c4 {[%emt 0:07:18]} d4 {[%emt 0:03:21]} 17. Nf4 {[%emt 0:03:21]} Bd7 {[%emt 0:02:39]} 18. Rxe7 {[%emt 0:14:33]} Qxe7 {[%emt 0:00:32]} 19. Nh5 {[%emt 0:02:00]} Rb6 {[%emt 0:03:16]} 20. Bxf6 {[%emt 0:05:04]} Rxf6 {[%emt 0:00:33]} 21. Nxf6+ {[%emt 0:01:41]} Qxf6 {[%emt 0:00:19]} 22. Qh5 {[%emt 0:01:40]} g6 {[%emt 0:01:48]} 23. Qxc5 {[%emt 0:02:25]} Qb6 {[%emt 0:03:38]} 24. Qxb6 {[%emt 0:03:24]} axb6 {[%emt 0:00:42]} 25. a4 {[%emt 0:00:45]} f5 {[%emt 0:02:04]} 26. Rc1 {[%emt 0:02:08]} Kg7 {[%emt 0:02:38]} 27. c5 {[%emt 0:00:54]} Rc8 {[%emt 0:03:28]} 28. c6 {[%emt 0:01:58]} Rxc6 {[%emt 0:00:57]} 29. Rxc6 {[%emt 0:00:28]} Bxc6 {[%emt 0:00:12]} 30. Bb5 {[%emt 0:03:03]} Bxb5 {[%emt 0:00:22]} 31. axb5 {[%emt 0:00:06]} Kf6 {[%emt 0:00:32]} 32. Kf1 {[%emt 0:01:42]} Ke5 {[%emt 0:00:48]} 33. Ke2 {[%emt 0:00:57]} h5 {[%emt 0:03:00]} 34. f3 {[%emt 0:02:06]} Kd5 {[%emt 0:01:09]} 35. Kd3 {[%emt 0:01:36]} Kc5 {[%emt 0:02:11]} 36. g3 {[%emt 0:00:47]} g5 {[%emt 0:01:54]} 37. g4 {[%emt 0:00:43]} fxg4 {[%emt 0:00:53]} 38. fxg4 {[%emt 0:00:09]} h4 {[%emt 0:01:07]} 39. Ke4 {[%emt 0:00:08]} Kxb5 {[%emt 0:01:05]} 40. Kxd4 {[%emt 0:00:12]} Kb4 {[%emt 0:00:22]} 41. Kd3 {[%emt 0:17:00]} Kxb3 {[%emt 0:15:18]} 42. Kd2 {[%emt 0:01:52]} b5 {[%emt 0:00:40]} 43. Kc1 {[%emt 0:02:22]} b4 {[%emt 0:00:18]} 44. Kb1 {[%emt 0:00:19]} Kc3 {[%emt 0:00:10]} 45. Kc1 {[%emt 0:00:12]} b3 {[%emt 0:00:09]} 46. Kb1 {[%emt 0:00:31]} b2 {[%emt 0:00:13]} 47. Ka2 {[%emt 0:00:42]} Kc2 {[%emt 0:00:07]} 48. Ka3 {[%emt 0:00:12]} b1=Q {[%emt 0:00:11]} 49. Ka4 {[%emt 0:00:08]} Qb6 {[%emt 0:00:10]} 50. Ka3 {[%emt 0:00:09]} Qb3# {[%emt 0:00:09]} 1/2-1/2

[Event "GER-ch Youth U10W 2020"]
[Site "Willingen"]
[Date "2020.10.31"]
[Round "7.1"]
[White "Sickmann, Lisa"]
[Black "Hoffmann, Svenja"]
[Result "1-0"]
[WhiteElo "1510"]
[BlackElo "1219"]
[Annotator "NA RC"]
[PlyCount "59"]
[EventDate "2020.10.27"]
[EventType "swiss"]
[EventRounds "7"]
[EventCountry "GER"]
[SourceTitle "playchess.com"]
[Source "ChessBase"]
[SourceQuality "1"]
[TimeControl "40/4500+30:900+30"]

1. e4 {[%emt 0:00:00]} e5 {[%emt 0:00:00]} 2. Nf3 {[%emt 0:00:00]} Nc6 {[%emt 0:00:05]} 3. Bb5 {[%emt 0:00:00]} a6 {[%emt 0:00:44]} 4. Ba4 {[%emt 0:00:00]} b5 {[%emt 0:01:03]} 5. Bb3 {[%emt 0:00:00]} Na5 {[%emt 0:00:56]} 6. d4 {[%emt 0:04:56]} exd4 {[%emt 0:01:19]} 7. O-O {[%emt 0:02:56]} Bb7 {[%emt 0:02:28]} 8. Bf4 {[%emt 0:06:56]} c5 {[%emt 0:01:40]} 9. Bd5 {[%emt 0:01:12]} Bxd5 {[%emt 0:00:39]} 10. exd5 {[%emt 0:00:07]} d6 {[%emt 0:00:37]} 11. Bg5 {[%emt 0:02:09]} Be7 {[%emt 0:01:53]} 12. Re1 {[%emt 0:01:23]} Qc7 {[%emt 0:02:02]} 13. Bxe7 {[%emt 0:01:25]} Nxe7 {[%emt 0:00:15]} 14. Qe2 {[%emt 0:00:08]} Ra7 {[%emt 0:00:12]} 15. c3 {[%emt 0:00:46]} dxc3 {[%emt 0:01:07]} 16. Nxc3 {[%emt 0:00:17]} O-O {[%emt 0:00:08]} 17. Rac1 {[%emt 0:01:05]} Nc4 {[%emt 0:02:28]} 18. b3 {[%emt 0:00:37]} Nb6 {[%emt 0:00:20]} 19. Qd3 {[%emt 0:01:27]} b4 {[%emt 0:03:01]} 20. Ng5 {[%emt 0:02:03]} g6 {[%emt 0:01:44]} 21. Nge4 {[%emt 0:06:47]} bxc3 {[%emt 0:02:17]} 22. Nf6+ {[%emt 0:00:25]} Kg7 {[%emt 0:01:35]} 23. Qxc3 {[%emt 0:00:09]} Qd8 {[%emt 0:04:02]} 24. Ne8+ {[%emt 0:01:05]} Kh6 {[%emt 0:00:39]} 25. Qh3+ {[%emt 0:01:59]} Kg5 {[%emt 0:00:15]} 26. f4+ {[%emt 0:00:27]} Kxf4 {[%emt 0:01:54]} 27. g3+ {[%emt 0:00:15]} Kf3 {[%emt 0:01:16]} 28. Qf1+ {[%emt 0:00:13]} Kg4 {[%emt 0:01:10]} 29. Qf4+ {[%emt 0:00:09]} Kh5 {[%emt 0:00:09]} 30. Qh4# 1-0

[Event "GER-ch Youth U10W 2020"]
[Site "Willingen"]
[Date "2020.10.31"]
[Round "7.2"]
[White "Trunz, Tamila"]
[Black "Neininger, Sarah"]
[Result "1-0"]
[WhiteElo "1379"]
[BlackElo "1469"]
[Annotator "NA RC"]
[PlyCount "83"]
[EventDate "2020.10.27"]
[EventType "swiss"]
[EventRounds "7"]
[EventCountry "GER"]
[SourceTitle "playchess.com"]
[Source "ChessBase"]
[SourceQuality "1"]
[TimeControl "40/4500+30:900+30"]

1. e4 {[%emt 0:00:00]} c5 {[%emt 0:00:00]} 2. Nc3 {[%emt 0:00:00]} Nc6 {[%emt 0:00:00]} 3. g3 {[%emt 0:00:08]} g6 {[%emt 0:00:22]} 4. Bg2 {[%emt 0:00:15]} Bg7 {[%emt 0:00:21]} 5. d3 {[%emt 0:01:13]} Nf6 {[%emt 0:00:52]} 6. Be3 {[%emt 0:01:16]} d6 {[%emt 0:00:51]} 7. h3 {[%emt 0:01:36]} O-O {[%emt 0:01:39]} 8. Qd2 {[%emt 0:00:47]} Nd4 {[%emt 0:01:32]} 9. Nd1 {[%emt 0:00:56]} d5 {[%emt 0:01:35]} 10. c3 {[%emt 0:00:35]} Ne6 {[%emt 0:02:16]} 11. Bh6 {[%emt 0:01:05]} dxe4 {[%emt 0:01:32]} 12. Bxg7 {[%emt 0:02:44]} Kxg7 {[%emt 0:00:35]} 13. dxe4 {[%emt 0:01:37]} Qxd2+ {[%emt 0:00:54]} 14. Kxd2 {[%emt 0:00:17]} Ng5 {[%emt 0:00:45]} 15. e5 {[%emt 0:01:31]} Nd7 {[%emt 0:01:29]} 16. f4 {[%emt 0:01:10]} Ne6 {[%emt 0:00:35]} 17. Ke3 {[%emt 0:01:27]} f6 {[%emt 0:02:23]} 18. exf6+ {[%emt 0:08:14]} exf6 {[%emt 0:00:28]} 19. g4 {[%emt 0:02:45]} Re8 {[%emt 0:03:25]} 20. Kf3 {[%emt 0:01:22]} b6 {[%emt 0:03:52]} 21. Kg3 {[%emt 0:02:13]} Rb8 {[%emt 0:00:23]} 22. Ne3 {[%emt 0:00:45]} Nc7 {[%emt 0:02:39]} 23. Nc4 {[%emt 0:01:20]} b5 {[%emt 0:01:43]} 24. Nd6 {[%emt 0:03:11]} Re6 {[%emt 0:02:16]} 25. Rd1 {[%emt 0:01:30]} Nf8 {[%emt 0:04:44]} 26. h4 {[%emt 0:05:34]} Ne8 {[%emt 0:01:46]} 27. Nxc8 {[%emt 0:06:09]} Rxc8 {[%emt 0:01:09]} 28. Nf3 {[%emt 0:01:31]} Rc7 {[%emt 0:04:25]} 29. h5 {[%emt 0:01:19]} Rd7 {[%emt 0:03:45]} 30. Rxd7+ {[%emt 0:09:23]} Nxd7 {[%emt 0:00:17]} 31. Rd1 {[%emt 0:00:27]} Rd6 {[%emt 0:02:04]} 32. Re1 {[%emt 0:00:37]} Kf7 {[%emt 0:01:56]} 33. hxg6+ {[%emt 0:03:04]} hxg6 {[%emt 0:00:29]} 34. Nh4 {[%emt 0:02:52]} g5 {[%emt 0:02:42]} 35. fxg5 {[%emt 0:04:49]} fxg5 {[%emt 0:00:30]} 36. Nf5 {[%emt 0:00:14]} Re6 {[%emt 0:01:32]} 37. Bd5 {[%emt 0:00:36]} Nc7 {[%emt 0:00:59]} 38. Bxe6+ {[%emt 0:00:28]} Nxe6 {[%emt 0:00:11]} 39. Nd6+ {[%emt 0:00:30]} Kf6 {[%emt 0:00:38]} 40. Nxb5 {[%emt 0:00:36]} a6 {[%emt 0:00:25]} 41. Nd6 {[%emt 0:15:34]} Nf4 {[%emt 0:16:29]} 42. Ne4+ {[%emt 0:01:24]} 1-0

[Event "GER-ch Youth U10W 2020"]
[Site "Willingen"]
[Date "2020.10.31"]
[Round "7.3"]
[White "Kutz, Ida Klara"]
[Black "Czaeczine, Paula"]
[Result "1-0"]
[WhiteElo "997"]
[BlackElo "1127"]
[Annotator "NA RC"]
[PlyCount "79"]
[EventDate "2020.10.27"]
[EventType "swiss"]
[EventRounds "7"]
[EventCountry "GER"]
[SourceTitle "playchess.com"]
[Source "ChessBase"]
[SourceQuality "1"]
[TimeControl "40/4500+30:900+30"]

1. c4 {[%emt 0:00:00]} e5 {[%emt 0:00:00]} 2. Nc3 {[%emt 0:00:00]} Nf6 {[%emt 0:00:33]} 3. Nf3 {[%emt 0:00:05]} Nc6 {[%emt 0:00:37]} 4. g3 {[%emt 0:00:10]} Bc5 {[%emt 0:02:18]} 5. Bg2 {[%emt 0:00:20]} O-O {[%emt 0:00:57]} 6. O-O {[%emt 0:05:50]} d5 {[%emt 0:02:30]} 7. cxd5 {[%emt 0:03:30]} Nxd5 {[%emt 0:00:55]} 8. Qc2 {[%emt 0:01:42]} Be6 {[%emt 0:07:57]} 9. Nxd5 {[%emt 0:02:20]} Qxd5 {[%emt 0:00:24]} 10. Ng5 {[%emt 0:00:20]} e4 {[%emt 0:01:20]} 11. Nxe4 {[%emt 0:02:19]} Bxf2+ {[%emt 0:15:19]} 12. Nxf2 {[%emt 0:05:04]} Nd4 {[%emt 0:02:17]} 13. Qxc7 {[%emt 0:03:02]} Nxe2+ {[%emt 0:00:38]} 14. Kh1 {[%emt 0:00:23]} Qh5 {[%emt 0:03:51]} 15. Ne4 {[%emt 0:04:18]} Rac8 {[%emt 0:04:18]} 16. Qe7 {[%emt 0:02:45]} Qe5 {[%emt 0:06:45]} 17. Qg5 {[%emt 0:02:43]} Qd4 {[%emt 0:01:15]} 18. Qe3 {[%emt 0:01:21]} Qxe3 {[%emt 0:05:39]} 19. dxe3 {[%emt 0:00:11]} Rc2 {[%emt 0:02:25]} 20. Re1 {[%emt 0:01:33]} Rd8 {[%emt 0:01:57]} 21. Bf3 {[%emt 0:00:49]} Nxc1 {[%emt 0:07:28]} 22. Raxc1 {[%emt 0:02:04]} Rxb2 {[%emt 0:00:19]} 23. Red1 {[%emt 0:00:24]} Re8 {[%emt 0:00:49]} 24. Nd6 {[%emt 0:01:06]} Rb8 {[%emt 0:00:18]} 25. Nxb7 {[%emt 0:00:28]} Rxa2 {[%emt 0:03:14]} 26. Rd8+ {[%emt 0:02:03]} Rxd8 {[%emt 0:00:07]} 27. Nxd8 {[%emt 0:00:12]} Bh3 {[%emt 0:00:34]} 28. Nxf7 {[%emt 0:00:40]} Rf2 {[%emt 0:01:47]} 29. Bd5 {[%emt 0:00:41]} Kf8 {[%emt 0:00:14]} 30. Ng5 {[%emt 0:01:16]} Bf5 {[%emt 0:01:52]} 31. e4 {[%emt 0:01:18]} Bg6 {[%emt 0:00:27]} 32. Rc8+ {[%emt 0:00:48]} Ke7 {[%emt 0:00:28]} 33. Rc7+ {[%emt 0:00:41]} Kf6 {[%emt 0:00:29]} 34. h4 {[%emt 0:00:35]} a5 {[%emt 0:01:21]} 35. Rc8 {[%emt 0:01:42]} Rb2 {[%emt 0:01:01]} 36. Rc6+ {[%emt 0:01:01]} Ke7 {[%emt 0:00:34]} 37. Re6+ {[%emt 0:01:02]} Kf8 {[%emt 0:00:28]} 38. Re5 {[%emt 0:03:34]} Rb5 {[%emt 0:01:51]} 39. h5 {[%emt 0:01:15]} Be8 {[%emt 0:00:49]} 40. Nxh7# {[%emt 0:01:06]} 1-0

[Event "GER-ch Youth U10W 2020"]
[Site "Willingen"]
[Date "2020.10.31"]
[Round "7.4"]
[White "Bako, Isabella"]
[Black "Bauer, Laura Sophie"]
[Result "0-1"]
[WhiteElo "1153"]
[BlackElo "1287"]
[Annotator "NA RC"]
[PlyCount "101"]
[EventDate "2020.10.27"]
[EventType "swiss"]
[EventRounds "7"]
[EventCountry "GER"]
[SourceTitle "playchess.com"]
[Source "ChessBase"]
[SourceQuality "1"]
[TimeControl "40/4500+30:900+30"]

1. e4 {[%emt 0:00:15]} c5 {[%emt 0:00:00]} 2. Nf3 {[%emt 0:00:14]} g6 {[%emt 0:00:00]} 3. c4 {[%emt 0:00:56]} Nc6 {[%emt 0:00:59]} 4. d4 {[%emt 0:01:55]} cxd4 {[%emt 0:00:09]} 5. Nxd4 {[%emt 0:00:13]} Nf6 {[%emt 0:00:11]} 6. Nc3 {[%emt 0:00:21]} d6 {[%emt 0:00:10]} 7. f3 {[%emt 0:01:29]} Nxd4 {[%emt 0:01:11]} 8. Qxd4 {[%emt 0:00:31]} Bg7 {[%emt 0:00:11]} 9. Qd1 {[%emt 0:02:59]} O-O {[%emt 0:00:42]} 10. Be3 {[%emt 0:00:45]} Be6 {[%emt 0:00:45]} 11. Qd2 {[%emt 0:01:35]} Qa5 {[%emt 0:01:01]} 12. Be2 {[%emt 0:05:52]} Rfc8 {[%emt 0:01:22]} 13. b3 {[%emt 0:01:48]} a6 {[%emt 0:03:16]} 14. Rd1 {[%emt 0:06:43]} b5 {[%emt 0:00:58]} 15. Nd5 {[%emt 0:01:15]} Qxd2+ {[%emt 0:01:02]} 16. Bxd2 {[%emt 0:01:08]} Nxd5 {[%emt 0:00:24]} 17. cxd5 {[%emt 0:01:41]} Bd7 {[%emt 0:00:08]} 18. Be3 {[%emt 0:07:21]} Rc2 {[%emt 0:02:28]} 19. a3 {[%emt 0:02:24]} Rc3 {[%emt 0:01:30]} 20. Rd3 {[%emt 0:03:51]} Rac8 {[%emt 0:00:58]} 21. O-O {[%emt 0:01:41]} Rxd3 {[%emt 0:03:26]} 22. Bxd3 {[%emt 0:00:07]} Rc3 {[%emt 0:00:11]} 23. Rd1 {[%emt 0:00:20]} Rxb3 {[%emt 0:00:32]} 24. Bc1 {[%emt 0:02:06]} Bd4+ {[%emt 0:00:55]} 25. Kf1 {[%emt 0:00:50]} Bc5 {[%emt 0:02:12]} 26. Bc2 {[%emt 0:13:23]} Rc3 {[%emt 0:01:14]} 27. Bb1 {[%emt 0:00:39]} Bxa3 {[%emt 0:01:19]} 28. Bd2 {[%emt 0:00:25]} Rc8 {[%emt 0:01:07]} 29. Bg5 {[%emt 0:00:40]} f6 {[%emt 0:00:11]} 30. Bh6 {[%emt 0:00:20]} b4 {[%emt 0:00:55]} 31. Ba2 {[%emt 0:00:21]} Bb5+ {[%emt 0:00:23]} 32. Kf2 {[%emt 0:00:32]} Rc2+ {[%emt 0:00:11]} 33. Rd2 {[%emt 0:00:32]} Rxd2+ {[%emt 0:00:11]} 34. Bxd2 {[%emt 0:00:06]} a5 {[%emt 0:00:16]} 35. Ke1 {[%emt 0:00:55]} a4 {[%emt 0:00:39]} 36. Kd1 {[%emt 0:00:17]} b3 {[%emt 0:00:16]} 37. Bb1 {[%emt 0:00:16]} Bb2 {[%emt 0:00:12]} 38. Bc1 {[%emt 0:00:50]} Bxc1 {[%emt 0:00:35]} 39. Kxc1 {[%emt 0:00:20]} a3 {[%emt 0:00:06]} 40. e5 {[%emt 0:00:24]} a2 {[%emt 0:00:07]} 41. Kb2 {[%emt 0:15:12]} axb1=Q+ 42. Kxb1 {[%emt 0:00:00]} fxe5 {[%emt 0:15:35]} 43. Kb2 {[%emt 0:00:00]} Bc4 {[%emt 0:00:05]} 44. Kc3 {[%emt 0:00:00]} Bxd5 {[%emt 0:00:04]} 45. Kb2 {[%emt 0:00:00]} Kf7 {[%emt 0:00:12]} 46. Kc3 {[%emt 0:00:00]} Kf6 {[%emt 0:00:05]} 47. Kb2 {[%emt 0:00:00]} Kf5 {[%emt 0:00:07]} 48. Kc3 {[%emt 0:00:00]} Kf4 {[%emt 0:00:05]} 49. Kd3 {[%emt 0:00:18]} e4+ {[%emt 0:00:16]} 50. fxe4 {[%emt 0:00:10]} Bxe4+ {[%emt 0:00:04]} 51. Kc3 {[%emt 0:00:10]} 0-1

[Event "GER-ch Youth U10W 2020"]
[Site "Willingen"]
[Date "2020.10.31"]
[Round "7.5"]
[White "Richter, Johanna"]
[Black "Meier, Viktoria"]
[Result "1-0"]
[WhiteElo "1150"]
[BlackElo "1316"]
[Annotator "NA RC"]
[PlyCount "129"]
[EventDate "2020.10.27"]
[EventType "swiss"]
[EventRounds "7"]
[EventCountry "GER"]
[SourceTitle "playchess.com"]
[Source "ChessBase"]
[SourceQuality "1"]
[TimeControl "40/4500+30:900+30"]

1. d4 {[%emt 0:00:00]} Nf6 {[%emt 0:00:00]} 2. c4 {[%emt 0:00:00]} c5 {[%emt 0:00:00]} 3. d5 {[%emt 0:00:00]} b5 {[%emt 0:00:00]} 4. cxb5 {[%emt 0:11:30]} a6 {[%emt 0:00:11]} 5. bxa6 {[%emt 0:06:41]} g6 {[%emt 0:00:09]} 6. g3 {[%emt 0:00:05]} Bg7 {[%emt 0:00:12]} 7. Bg2 {[%emt 0:00:08]} O-O {[%emt 0:01:08]} 8. d6 {[%emt 0:02:58]} Nc6 {[%emt 0:01:31]} 9. dxe7 {[%emt 0:00:32]} Qxe7 {[%emt 0:00:16]} 10. Nf3 {[%emt 0:00:46]} Bxa6 {[%emt 0:00:26]} 11. Nc3 {[%emt 0:00:43]} d5 {[%emt 0:00:46]} 12. e3 {[%emt 0:05:40]} Nb4 {[%emt 0:01:46]} 13. Bf1 {[%emt 0:04:10]} Bxf1 {[%emt 0:01:03]} 14. Kxf1 {[%emt 0:00:07]} Qe6 {[%emt 0:02:14]} 15. a3 {[%emt 0:03:21]} Nc6 {[%emt 0:01:33]} 16. Kg2 {[%emt 0:00:58]} Ne5 {[%emt 0:01:54]} 17. Nxe5 {[%emt 0:03:33]} Qxe5 {[%emt 0:00:32]} 18. Re1 {[%emt 0:04:22]} Rfe8 {[%emt 0:01:32]} 19. Bd2 {[%emt 0:05:52]} Ne4 {[%emt 0:00:59]} 20. Nxe4 {[%emt 0:04:49]} Qxe4+ {[%emt 0:00:33]} 21. f3 {[%emt 0:00:26]} Qe6 {[%emt 0:00:47]} 22. Rb1 {[%emt 0:03:19]} Reb8 {[%emt 0:00:37]} 23. Qc2 {[%emt 0:01:32]} Qd6 {[%emt 0:02:45]} 24. Bc3 {[%emt 0:00:55]} Bxc3 {[%emt 0:00:52]} 25. Qxc3 {[%emt 0:00:31]} d4 {[%emt 0:00:20]} 26. exd4 {[%emt 0:00:07]} Qxd4 {[%emt 0:00:25]} 27. Qxd4 {[%emt 0:00:13]} cxd4 {[%emt 0:00:06]} 28. Red1 {[%emt 0:00:03]} Rd8 {[%emt 0:00:24]} 29. Rd2 {[%emt 0:00:15]} Ra7 {[%emt 0:00:44]} 30. Rbd1 {[%emt 0:00:09]} Rad7 {[%emt 0:00:16]} 31. b4 {[%emt 0:00:06]} Ra8 {[%emt 0:01:30]} 32. Rxd4 {[%emt 0:00:15]} Rxd4 {[%emt 0:00:43]} 33. Rxd4 {[%emt 0:00:03]} Rxa3 {[%emt 0:00:11]} 34. Rd8+ {[%emt 0:00:31]} Kg7 {[%emt 0:00:06]} 35. Rb8 {[%emt 0:00:16]} Ra2+ {[%emt 0:00:23]} 36. Kh3 {[%emt 0:00:04]} Rb2 {[%emt 0:00:08]} 37. b5 {[%emt 0:00:39]} Rb3 {[%emt 0:00:19]} 38. f4 {[%emt 0:00:37]} h5 {[%emt 0:00:48]} 39. b6 {[%emt 0:01:27]} Kf6 {[%emt 0:00:33]} 40. Kh4 {[%emt 0:01:33]} Rb4 {[%emt 0:00:52]} 41. Kh3 {[%emt 0:15:30]} Rb3 {[%emt 0:15:14]} 42. b7 {[%emt 0:00:33]} Kg7 {[%emt 0:01:00]} 43. Kg2 {[%emt 0:03:43]} Kf6 {[%emt 0:00:44]} 44. Kh3 {[%emt 0:02:02]} Kg7 {[%emt 0:00:36]} 45. Kh4 {[%emt 0:00:04]} Rb4 {[%emt 0:00:26]} 46. Kh3 {[%emt 0:00:50]} Rb3 {[%emt 0:00:35]} 47. Kg2 {[%emt 0:00:23]} f5 {[%emt 0:00:49]} 48. h4 {[%emt 0:01:01]} Rb6 {[%emt 0:00:20]} 49. Kf2 {[%emt 0:00:27]} Kf7 {[%emt 0:00:09]} 50. Ke3 {[%emt 0:00:03]} Ke7 {[%emt 0:00:10]} 51. Kd4 {[%emt 0:00:03]} Kd7 {[%emt 0:00:15]} 52. Rg8 {[%emt 0:00:15]} Rb4+ {[%emt 0:06:57]} 53. Ke5 {[%emt 0:01:04]} Rb5+ {[%emt 0:00:22]} 54. Kf6 {[%emt 0:00:04]} Rb6+ {[%emt 0:00:14]} 55. Kg5 {[%emt 0:00:05]} Rb3 {[%emt 0:01:10]} 56. b8=Q Rxg3+ 57. Kh6 {[%emt 0:01:21]} Rc3 {[%emt 0:01:18]} 58. Qb7+ {[%emt 0:00:22]} Kd6 {[%emt 0:00:13]} 59. Qb4+ {[%emt 0:00:06]} Ke6 {[%emt 0:00:12]} 60. Qxc3 {[%emt 0:00:20]} g5 {[%emt 0:00:28]} 61. Kxh5 {[%emt 0:00:23]} gxh4 {[%emt 0:00:13]} 62. Qe5+ {[%emt 0:00:06]} Kf7 {[%emt 0:00:11]} 63. Qe8+ {[%emt 0:00:06]} Kf6 {[%emt 0:00:11]} 64. Rf8+ {[%emt 0:00:07]} Kg7 {[%emt 0:00:10]} 65. Qf7# {[%emt 0:00:09]} 1-0